[Event "Zonal 3.1 2015"]
[Site "Muscat OMA"]
[Date "2015.05.17"]
[Round "1.1"]
[White "Chahrour, Ibrahim"]
[Black "Ghaem Maghami, Ehsan"]
[Result "0-1"]
[WhiteTitle "FM"]
[BlackTitle "GM"]
[WhiteElo "2269"]
[BlackElo "2558"]
[WhiteFideId "5301653"]
[BlackFideId "12500739"]
[EventDate "2015.05.17"]

1. e4 c5 2. Nf3 d6 3. d4 cxd4 4. Nxd4 Nf6 5. Nc3 a6 6. Be3 e5 7. Nb3 Be7 8. Qd2
Be6 9. O-O-O Nbd7 10. f4 b5 11. f5 Bc4 12. Kb1 Rc8 13. Bd3 O-O 14. h3 b4 15. Ne2
a5 16. g4 a4 17. Nbc1 Bxd3 18. Qxd3 Qc7 19. g5 Nh5 20. Rhg1 Rfd8 21. f6 Bf8 22.
Ng3 Nxg3 23. Rxg3 d5 24. Rg2 d4 25. Bg1 Nc5 26. Qf3 Qc6 27. Re2 b3 28. Nd3 Nxe4
29. Nxe5 bxc2+ 0-1

[Event "Zonal 3.1 2015"]
[Site "Muscat OMA"]
[Date "2015.05.17"]
[Round "1.2"]
[White "Idani, Pouya"]
[Black "Ayyad, Maher"]
[Result "1-0"]
[WhiteTitle "GM"]
[BlackTitle "FM"]
[WhiteElo "2526"]
[BlackElo "2123"]
[WhiteFideId "12510130"]
[BlackFideId "11200235"]
[EventDate "2015.05.17"]

1. e4 c5 2. Nf3 e6 3. d4 cxd4 4. Nxd4 Nf6 5. Nc3 Nc6 6. Ndb5 Bb4 7. a3 Bxc3+ 8.
Nxc3 d5 9. exd5 exd5 10. Bd3 d4 11. Ne2 O-O 12. O-O Qd5 13. b4 a6 14. Bb2 Rd8
15. Re1 Bf5 16. Qd2 Bxd3 17. cxd3 a5 18. bxa5 Qxa5 19. Qc2 Rac8 20. Rac1 Ne5 21.
Qxc8 Qxe1+ 22. Rxe1 Rxc8 23. Bxd4 Nxd3 24. Rd1 Re8 25. Kf1 Ne5 26. Nc3 Nc4 27.
Bxf6 gxf6 28. a4 Rc8 29. Nd5 Kg7 30. Rd4 f5 31. Ke2 Rc5 32. Nc3 Nb2 33. Kd2 Nc4+
34. Kc2 b5 35. Kb3 Na3 36. Rd3 1-0

[Event "Zonal 3.1 2015"]
[Site "Muscat OMA"]
[Date "2015.05.17"]
[Round "1.3"]
[White "Tamra, Attallah"]
[Black "Darini, Pouria"]
[Result "0-1"]
[BlackTitle "GM"]
[WhiteElo "2080"]
[BlackElo "2485"]
[WhiteFideId "11500255"]
[BlackFideId "12502200"]
[EventDate "2015.05.17"]

1. c4 Nf6 2. Nf3 g6 3. g3 Bg7 4. Bg2 O-O 5. O-O d5 6. d4 dxc4 7. Na3 Nc6 8. Nxc4
Be6 9. b3 Bd5 10. Bb2 a5 11. Ncd2 Ne4 12. e3 a4 13. bxa4 Ra6 14. a3 Nxd2 15.
Nxd2 Bxg2 16. Kxg2 e5 17. Nf3 exd4 18. Nxd4 Ne5 19. Qc2 Qa8 20. f3 Rxa4 21. Qxc7
Rc8 22. Qb6 Nc4 23. Qb3 Nd2 24. Qd3 Nxf1 25. Rxf1 Qa6 26. Qb3 Rac4 27. Rf2 h5
28. h4 R4c7 29. Rd2 Qa5 30. Qb4 Qxb4 31. axb4 Bxd4 32. Bxd4 Rc2 33. Rxc2 Rxc2+
34. Kg1 f5 35. Bc5 Kf7 36. Bd4 Ke6 37. Bc5 Kd5 38. Bf8 b5 39. Kf1 Kc4 40. Be7
Kd3 41. Bc5 Re2 0-1

[Event "Zonal 3.1 2015"]
[Site "Muscat OMA"]
[Date "2015.05.17"]
[Round "1.4"]
[White "Al Qudaimi, Basheer"]
[Black "Hashem, Khaled"]
[Result "1-0"]
[WhiteTitle "IM"]
[BlackTitle "CM"]
[WhiteElo "2405"]
[BlackElo "1962"]
[WhiteFideId "9400346"]
[BlackFideId "10300201"]
[EventDate "2015.05.17"]

1. e4 e5 2. Nf3 Nc6 3. Bb5 a6 4. Ba4 Nf6 5. O-O Be7 6. Re1 b5 7. Bb3 d6 8. c3
O-O 9. h3 Na5 10. Bc2 c5 11. d3 Nc6 12. Nbd2 g6 13. Nf1 Nh5 14. Bh6 Ng7 15. Ne3
Be6 16. Bb3 c4 17. dxc4 Na5 18. cxb5 Nxb3 19. axb3 axb5 20. Qd3 Bxb3 21. Qxb5
Rb8 22. Qd3 Be6 23. b4 Qc7 24. Ra3 Rfc8 25. Rea1 Bf8 26. Bxg7 Kxg7 27. Ng5 Bd7
28. Nd5 Qd8 29. Ra7 h6 30. Nf3 Bb5 31. Qd2 Bc4 32. Nh2 Bxd5 33. Qxd5 Rc7 34. b5
Qd7 35. Rxc7 Qxc7 36. c4 Rc8 37. Ra4 Be7 38. Nf3 Qc5 39. Qxc5 Rxc5 40. Ne1 Bd8
41. Kf1 f5 42. f3 Kf7 43. Ke2 Ke6 44. Nc2 f4 45. Kd3 Rc8 46. Ra6 Be7 47. h4 Bxh4
48. Nb4 Bf2 49. Nd5 h5 50. b6 Rb8 51. Ra7 Bh4 52. Rg7 Bd8 53. Kc2 g5 54. Rh7 h4
55. b7 1-0

[Event "Zonal 3.1 2015"]
[Site "Muscat OMA"]
[Date "2015.05.17"]
[Round "1.5"]
[White "Masrhi, Abdulrahman A"]
[Black "Nezad, Husein Aziz"]
[Result "0-1"]
[BlackTitle "IM"]
[WhiteElo "1865"]
[BlackElo "2404"]
[WhiteFideId "21501564"]
[BlackFideId "12100293"]
[EventDate "2015.05.17"]

1. d4 d5 2. Nf3 Nf6 3. Bf4 c5 4. c3 Nc6 5. e3 Qb6 6. Qb3 c4 7. Qc2 Bf5 8. Qc1 e6
9. Be2 Be7 10. O-O h6 11. Nbd2 Qd8 12. b3 b5 13. a4 a6 14. bxc4 bxc4 15. Bd1 Qa5
16. Ne5 Nxe5 17. Bxe5 O-O 18. f3 Bd3 19. Re1 Ra7 20. Qb2 Rc8 21. Bc2 Nd7 22. Bg3
Bf6 23. Bxd3 cxd3 24. Qb4 Qxb4 25. cxb4 Be7 26. Ra3 Bxb4 27. Rxd3 Rc2 28. Rd1
Nb6 29. Nb3 Nxa4 30. Rc1 Rc4 31. Be1 Rxc1 0-1

[Event "Zonal 3.1 2015"]
[Site "Muscat OMA"]
[Date "2015.05.17"]
[Round "1.6"]
[White "Abdulwahhab, Ahmed Abdulsattar A"]
[Black "Al Mamari, Mohammed Salim"]
[Result "1-0"]
[WhiteTitle "FM"]
[WhiteElo "2346"]
[BlackElo "1791"]
[WhiteFideId "4801849"]
[BlackFideId "22000232"]
[EventDate "2015.05.17"]

1. e4 Nf6 2. e5 Nd5 3. d4 d6 4. Nf3 Bg4 5. Be2 Nc6 6. O-O e6 7. c4 Nb6 8. exd6
cxd6 9. Nc3 Be7 10. Be3 O-O 11. d5 exd5 12. Bxb6 axb6 13. Nxd5 Re8 14. Re1 Bf8
15. Qb3 Bxf3 16. Qxf3 Nd4 17. Qd3 Nxe2+ 18. Rxe2 Rxe2 19. Qxe2 g6 20. b3 Bg7 21.
Rd1 Be5 22. a4 b5 23. cxb5 Kh8 24. f4 Bf6 25. Qd2 Bg7 26. g3 Rc8 27. Re1 Rc5 28.
b4 Rc4 29. Qe2 Bd4+ 30. Kg2 Qc8 31. Qe8+ Kg7 32. Qxc8 Rxc8 33. Re2 Rc1 34. Rd2
Rg1+ 35. Kf3 Rf1+ 36. Ke2 Rf2+ 37. Kd3 Rxd2+ 38. Kxd2 f5 39. Kd3 Bg1 40. a5 Kf7
41. Ne3 h5 42. a6 bxa6 43. bxa6 Bxh2 44. a7 Bxg3 45. a8=Q Bxf4 46. Qb7+ Kg8 47.
Nd5 Be5 48. Qe7 f4 49. b5 f3 50. b6 f2 51. Ke2 Bd4 52. b7 Ba7 53. Nf6+ 1-0

[Event "Zonal 3.1 2015"]
[Site "Muscat OMA"]
[Date "2015.05.18"]
[Round "2.1"]
[White "Ghaem Maghami, Ehsan"]
[Black "Al Qudaimi, Basheer"]
[Result "1-0"]
[WhiteTitle "GM"]
[BlackTitle "IM"]
[WhiteElo "2558"]
[BlackElo "2405"]
[WhiteFideId "12500739"]
[BlackFideId "9400346"]
[EventDate "2015.05.17"]

1. c4 e5 2. Nc3 Nf6 3. Nf3 Nc6 4. g3 d5 5. cxd5 Nxd5 6. Bg2 Nb6 7. O-O Be7 8. a3
O-O 9. b4 Be6 10. d3 Nd4 11. Bb2 Bb3 12. Qc1 Bd5 13. Nxd4 Bxg2 14. Ne6 Qd6 15.
Nxc7 Bxf1 16. Nxa8 Bh3 17. Ne4 Qd7 18. Nxb6 axb6 19. Qe3 Qd5 20. f3 Bd7 21. Nd2
f6 1-0

[Event "Zonal 3.1 2015"]
[Site "Muscat OMA"]
[Date "2015.05.18"]
[Round "2.2"]
[White "Nezad, Husein Aziz"]
[Black "Idani, Pouya"]
[Result "0-1"]
[WhiteTitle "IM"]
[BlackTitle "GM"]
[WhiteElo "2404"]
[BlackElo "2526"]
[WhiteFideId "12100293"]
[BlackFideId "12510130"]
[EventDate "2015.05.17"]

1. d4 Nf6 2. c4 e6 3. Nf3 b6 4. g3 Bb4+ 5. Bd2 Be7 6. Nc3 O-O 7. e4 d5 8. cxd5
exd5 9. e5 Ne4 10. Bd3 Nxc3 11. Bxc3 c5 12. h4 Nc6 13. dxc5 bxc5 14. Ng5 h6 15.
f4 c4 16. Bh7+ Kh8 17. Qc2 Qb6 18. O-O-O d4 19. Be1 d3 20. Qxc4 Ba6 21. Qe4 Nd4
22. Rxd3 Bxd3 23. Qxd3 Bxg5 24. hxg5 Qc6+ 0-1

[Event "Zonal 3.1 2015"]
[Site "Muscat OMA"]
[Date "2015.05.18"]
[Round "2.3"]
[White "Darini, Pouria"]
[Black "Abdulwahhab, Ahmed Abdulsattar A"]
[Result "1/2-1/2"]
[WhiteTitle "GM"]
[BlackTitle "FM"]
[WhiteElo "2485"]
[BlackElo "2346"]
[WhiteFideId "12502200"]
[BlackFideId "4801849"]
[EventDate "2015.05.17"]

1. e4 c5 2. Nf3 e6 3. d4 cxd4 4. Nxd4 a6 5. Be2 Nf6 6. Nc3 Qc7 7. O-O Bb4 8. Qd3
Nc6 9. Nxc6 dxc6 10. Bg5 e5 11. Rad1 Be7 12. Qg3 Be6 13. f4 h6 14. f5 hxg5 15.
fxe6 fxe6 16. Bc4 Bc5+ 17. Kh1 Qe7 18. Qxg5 Rh6 19. Rd3 b5 20. Bb3 Bd4 21. Ne2
Nxe4 22. Qxe7+ 1/2-1/2

[Event "Zonal 3.1 2015"]
[Site "Muscat OMA"]
[Date "2015.05.18"]
[Round "2.4"]
[White "Iyti, Basher"]
[Black "Chahrour, Ibrahim"]
[Result "1-0"]
[WhiteTitle "IM"]
[BlackTitle "FM"]
[WhiteElo "2298"]
[BlackElo "2269"]
[WhiteFideId "7601875"]
[BlackFideId "5301653"]
[EventDate "2015.05.17"]

1. d4 d6 2. e4 g6 3. Nc3 Bg7 4. Bc4 Nf6 5. Nf3 Nxe4 6. Nxe4 d5 7. Bd3 dxe4 8.
Bxe4 O-O 9. O-O c6 10. h3 Nd7 11. c3 Nf6 12. Bc2 Qc7 13. Qe2 b6 14. Re1 e6 15.
Ne5 Bb7 16. Bf4 Nh5 17. Bh2 Qe7 18. Rad1 Bh6 19. Ng4 Bg7 20. Be5 Nf6 21. h4 h5
22. Nxf6+ Bxf6 23. g3 Rac8 24. Qf3 Bxe5 25. Rxe5 c5 26. d5 f6 27. Re3 Qe8 28.
Qf4 e5 29. Qh6 f5 30. d6 Qe6 31. d7 Qc6 32. Bb3+ c4 33. Bxc4+ Qxc4 34. Qxg6+ 1-0

[Event "Zonal 3.1 2015"]
[Site "Muscat OMA"]
[Date "2015.05.18"]
[Round "2.5"]
[White "Ayyad, Maher"]
[Black "Masrhi, Abdulrahman A"]
[Result "1-0"]
[WhiteTitle "FM"]
[WhiteElo "2123"]
[BlackElo "1865"]
[WhiteFideId "11200235"]
[BlackFideId "21501564"]
[EventDate "2015.05.17"]

1. d4 d5 2. Nf3 Nf6 3. Bf4 c5 4. e3 Nc6 5. Nc3 Bf5 6. dxc5 e6 7. Nd4 Nxd4 8.
exd4 a6 9. Bd3 Bg6 10. O-O Be7 11. b4 O-O 12. Bxg6 hxg6 13. Qd3 Qd7 14. Rab1
Rfd8 15. b5 axb5 16. Rxb5 Ne4 17. Rfb1 Ra7 18. R5b4 Bf6 19. Nb5 Rxa2 20. f3 e5
21. fxe4 dxe4 22. Qb3 Qd5 23. Qxd5 Rxd5 24. Nc3 1-0

[Event "Zonal 3.1 2015"]
[Site "Muscat OMA"]
[Date "2015.05.18"]
[Round "2.6"]
[White "Al Mamari, Mohammed Salim"]
[Black "Tamra, Attallah"]
[Result "0-1"]
[WhiteElo "1791"]
[BlackElo "2080"]
[WhiteFideId "22000232"]
[BlackFideId "11500255"]
[EventDate "2015.05.17"]

1. e4 c5 2. Nf3 Nc6 3. Nc3 g6 4. Bc4 Bg7 5. O-O e6 6. d4 Nxd4 7. Nxd4 cxd4 8.
Nb5 Qb6 9. c3 d5 10. exd5 exd5 11. Qe2+ Ne7 12. Bg5 Be6 13. Bd3 dxc3 14. Nxc3
Qc5 15. Rac1 d4 16. Ne4 Qb6 17. Nf6+ Kf8 18. Rfe1 Rd8 19. Bc4 h6 20. Bxe6 Qxe6
21. Qf3 Qf5 22. Nh7+ Kg8 23. Bxe7 Qxf3 24. gxf3 Kxh7 25. Bxd8 Rxd8 26. Rc7 d3
27. Rxb7 d2 28. Rd1 Kg8 29. Kf1 Be5 30. h4 Rd5 31. Rb4 g5 32. hxg5 hxg5 33. Ke2
Bf4 34. Rc4 Rb5 35. b4 a5 36. a4 Re5+ 37. Kf1 axb4 38. Rxb4 Ra5 39. Rd4 Kg7 40.
Ke2 Re5+ 41. Kd3 Re1 42. Kc2 Kf6 43. a5 Re5 44. Ra4 Rc5+ 45. Kd3 Rc8 46. a6 Ke6
47. a7 Ra8 48. Ke4 f5+ 49. Kd3 Kd5 50. Rb1 Kc6 51. Kc2 Kc7 52. Rc4+ Kd6 53. Rb7
Kd5 54. Rc3 Kd4 55. Rd7+ Ke5 56. Rcc7 Ke6 57. Rb7 Rc8+ 58. Kb3 Bd6 59. Rxd6+
Kxd6 60. Rb6+ Kd5 61. a8=Q+ Rxa8 62. Kc2 Ra2+ 63. Kd1 Ke5 64. Rb4 Ra3 65. Ke2
Rxf3 66. Rb2 Rxf2+ 67. Kd1 Rf1+ 0-1

[Event "Zonal 3.1 2015"]
[Site "Muscat OMA"]
[Date "2015.05.19"]
[Round "3.1"]
[White "Idani, Pouya"]
[Black "Iyti, Basher"]
[Result "1-0"]
[WhiteTitle "GM"]
[BlackTitle "IM"]
[WhiteElo "2526"]
[BlackElo "2298"]
[WhiteFideId "12510130"]
[BlackFideId "7601875"]
[EventDate "2015.05.17"]

1. e4 d6 2. d4 Nf6 3. Nc3 g6 4. Be3 d5 5. e5 Ng4 6. Bf4 f6 7. h3 Nh6 8. Qe2 Kf7
9. g4 Bg7 10. Bg2 c6 11. Qe3 g5 12. Bg3 Rf8 13. f4 gxf4 14. Bxf4 fxe5 15. Bxe5
e6 16. O-O-O Bxe5 17. dxe5 Kg7 18. Ne4 Nd7 19. Nf6 Nf7 20. Nh5+ Kh8 21. Nf3 b6
22. g5 c5 23. g6 hxg6 24. Nf4 Re8 25. Nxg6+ Kg7 26. Bf1 d4 27. Qe4 Bb7 28. Qxb7
Kxg6 29. Rg1+ Kh5 30. Qe4 Rg8 31. Qh7+ Nh6 32. Be2 d3 33. Bxd3 Nf8 34. Rxg8 1-0

[Event "Zonal 3.1 2015"]
[Site "Muscat OMA"]
[Date "2015.05.19"]
[Round "3.2"]
[White "Abdulwahhab, Ahmed Abdulsattar A"]
[Black "Ghaem Maghami, Ehsan"]
[Result "1/2-1/2"]
[WhiteTitle "FM"]
[BlackTitle "GM"]
[WhiteElo "2346"]
[BlackElo "2558"]
[WhiteFideId "4801849"]
[BlackFideId "12500739"]
[EventDate "2015.05.17"]

1. e4 c5 2. Nf3 d6 3. d4 cxd4 4. Nxd4 Nf6 5. Nc3 Nc6 6. Bc4 e6 7. Be3 Be7 8. Qe2
Na5 9. Bd3 a6 10. O-O-O O-O 11. g4 Nd7 12. Rhg1 b5 13. g5 b4 14. Nb1 Bb7 15. Nd2
Rc8 16. Kb1 Nc5 17. h4 Qc7 18. h5 d5 19. exd5 Bxd5 20. Bxh7+ Kxh7 21. g6+ 1/2-1/2

[Event "Zonal 3.1 2015"]
[Site "Muscat OMA"]
[Date "2015.05.19"]
[Round "3.3"]
[White "Al Qudaimi, Basheer"]
[Black "Darini, Pouria"]
[Result "1-0"]
[WhiteTitle "IM"]
[BlackTitle "GM"]
[WhiteElo "2405"]
[BlackElo "2485"]
[WhiteFideId "9400346"]
[BlackFideId "12502200"]
[EventDate "2015.05.17"]

1. e4 c5 2. Ne2 e6 3. Nbc3 d5 4. exd5 exd5 5. d4 c4 6. g3 Bb4 7. Bg2 Ne7 8. O-O
O-O 9. Nf4 Bxc3 10. bxc3 Qa5 11. a4 Nbc6 12. Ba3 Bf5 13. Re1 Rfe8 14. Re3 Bd7
15. Qb1 Nf5 16. Rxe8+ Rxe8 17. Nxd5 Bc8 18. Qb5 Qd8 19. Qxc4 Nd6 20. Bxd6 Qxd6
21. Ne3 Bd7 22. Qd5 Qc7 23. Qc5 b6 24. Qc4 Rc8 25. Bd5 Kf8 26. Qd3 g6 27. c4 Kg7
28. c3 Na5 29. Qe4 Re8 30. Qf3 f5 31. h4 h5 32. Qf4 Qxf4 33. gxf4 Rc8 34. Kf1
Rc7 35. Ke2 Bc8 36. Rb1 Ba6 37. Rb4 Kf6 38. Kd3 Rc8 39. Nc2 Re8 40. Rb1 Rc8 41.
Na3 Re8 42. Nb5 Re7 43. Nd6 Rd7 44. Nb5 Re7 45. c5 bxc5 46. dxc5 Rd7 47. c4 Bb7
48. Nd6 Bc6 49. Kc3 Rd8 50. Re1 Bd7 51. Nb7 Nxb7 52. Bxb7 Be6 53. c6 Bc8 54. a5
Kf7 55. a6 Kf6 56. Re5 Kf7 57. Kb4 Kf6 58. Kc5 1-0

[Event "Zonal 3.1 2015"]
[Site "Muscat OMA"]
[Date "2015.05.19"]
[Round "3.4"]
[White "Tamra, Attallah"]
[Black "Nezad, Husein Aziz"]
[Result "0-1"]
[BlackTitle "IM"]
[WhiteElo "2080"]
[BlackElo "2404"]
[WhiteFideId "11500255"]
[BlackFideId "12100293"]
[EventDate "2015.05.17"]

1. Nf3 d5 2. d4 c6 3. c4 e6 4. Nc3 dxc4 5. a4 Bb4 6. e3 b5 7. Be2 Bb7 8. O-O a6
9. Bd2 Nf6 10. Qc2 O-O 11. Rfd1 Be7 12. e4 Nbd7 13. e5 Nd5 14. Ne4 Re8 15. b3
cxb3 16. Qxb3 b4 17. a5 c5 18. Nxc5 Nxc5 19. dxc5 Bxc5 20. Ne1 Bd4 21. Rab1 Qxa5
22. Bxb4 Qb6 23. Nd3 a5 24. Bc5 Bxc5 25. Nxc5 Qxc5 26. Qxb7 Nc3 27. Bh5 g6 28.
Rbc1 Qb4 29. Bf3 Nxd1 30. Qxb4 axb4 31. Bxa8 Nc3 32. Bf3 Rc8 33. Kf1 b3 34. Be4
b2 35. Rxc3 Rxc3 36. Ke2 Rc1 0-1

[Event "Zonal 3.1 2015"]
[Site "Muscat OMA"]
[Date "2015.05.19"]
[Round "3.7"]
[White "Masrhi, Abdulrahman A"]
[Black "Hashem, Khaled"]
[Result "0-1"]
[BlackTitle "CM"]
[WhiteElo "1865"]
[BlackElo "1962"]
[WhiteFideId "21501564"]
[BlackFideId "10300201"]
[EventDate "2015.05.17"]

1. d4 d5 2. Bf4 Nf6 3. e3 c5 4. Nf3 Nc6 5. Nc3 Bf5 6. dxc5 e6 7. Nd4 Bxc5 8.
Nxf5 exf5 9. Bb5 O-O 10. O-O a6 11. Bd3 Ne4 12. Bxe4 dxe4 13. Nd5 Rc8 14. c4 Ne7
15. Qb3 Nxd5 16. cxd5 Qd7 17. Rfd1 Rfd8 18. a4 a5 19. h3 Bb4 20. Be5 Rc5 21.
Rac1 Rxc1 22. Rxc1 f6 23. d6+ Qf7 24. Qxf7+ Kxf7 25. Rc7+ Kg6 26. Bd4 Rxd6 27.
Rxb7 f4 28. Rc7 fxe3 29. fxe3 Rd5 30. Rc6 h5 31. Kf1 Rf5+ 32. Ke2 Rg5 33. Kf2
Rf5+ 34. Kg1 Be1 35. Rc2 h4 36. Rc5 Bg3 37. Rxf5 Kxf5 38. b4 axb4 39. a5 b3 40.
Kf1 Be5 41. Bb2 Bxb2 42. a6 Bd4 0-1

[Event "Zonal 3.1 2015"]
[Site "Muscat OMA"]
[Date "2015.05.20"]
[Round "4.1"]
[White "Ghaem Maghami, Ehsan"]
[Black "Idani, Pouya"]
[Result "1/2-1/2"]
[WhiteTitle "GM"]
[BlackTitle "GM"]
[WhiteElo "2558"]
[BlackElo "2526"]
[WhiteFideId "12500739"]
[BlackFideId "12510130"]
[EventDate "2015.05.17"]

1. d4 Nf6 2. c4 e6 3. Nf3 b6 4. Nc3 Bb4 5. e3 O-O 6. Bd3 d5 7. O-O Ba6 8. Qe2 c5
9. cxd5 Bxd3 10. Qxd3 exd5 11. dxc5 bxc5 12. b3 Bxc3 13. Qxc3 Ne4 14. Qd3 Nc6
15. Bb2 Rb8 16. Rad1 Nb4 17. Qb1 Rb6 18. Ba1 Re8 19. a3 Nc6 20. Qb2 f6 21. Qc2
Qd6 22. Nd2 Nxd2 23. Rxd2 d4 24. h3 Qd5 25. exd4 Nxd4 26. Bxd4 cxd4 27. Qc4 Qxc4
28. bxc4 Rb3 29. Rxd4 Rxa3 30. Rd7 Kf8 31. Rb1 Re7 32. Rb8+ Kf7 33. Rxe7+ Kxe7
34. Rb7+ Kf8 35. Kf1 Rc3 36. Rc7 Rc2 37. c5 a5 38. c6 a4 39. Ra7 Rxc6 40. Rxa4
Kf7 1/2-1/2

[Event "Zonal 3.1 2015"]
[Site "Muscat OMA"]
[Date "2015.05.20"]
[Round "4.2"]
[White "Iyti, Basher"]
[Black "Al Qudaimi, Basheer"]
[Result "0-1"]
[WhiteTitle "IM"]
[BlackTitle "IM"]
[WhiteElo "2298"]
[BlackElo "2405"]
[WhiteFideId "7601875"]
[BlackFideId "9400346"]
[EventDate "2015.05.17"]

1. d4 Nf6 2. Nf3 e6 3. Bg5 c5 4. c3 b6 5. e3 Bb7 6. Nbd2 Be7 7. Bd3 O-O 8. O-O
d5 9. Qb1 h6 10. Bh4 Nc6 11. Re1 Rc8 12. a3 a5 13. a4 Nd7 14. Bxe7 Qxe7 15. e4
dxe4 16. Bxe4 cxd4 17. Nxd4 Nc5 18. Bxc6 Bxc6 19. Nc4 Qc7 20. Ne5 Ba8 21. Qc2
Rfd8 22. Rad1 Rd5 23. f4 Rcd8 24. Rd2 f6 25. Ng6 e5 26. fxe5 fxe5 27. Rde2 e4
28. Rf1 Rg5 29. Nf4 Rf8 30. Qc1 Qd7 31. b3 Bb7 32. Qe3 Ba6 33. c4 Bb7 34. Ref2
Rd8 35. Nfe2 Nd3 36. Rf5 Rg6 37. Rf7 Qxf7 38. Rxf7 Kxf7 39. h3 Kg8 40. Nf5 Kh7
41. Kh2 Nc5 42. Nf4 Rf6 43. g4 Rf7 44. h4 Rff8 45. Ng3 Rd2+ 46. Nge2 Rb2 47. g5
Bc8 48. gxh6 gxh6 49. Nd5 Rf7 50. Nxb6 Rf3 51. Qxc5 Rxe2+ 52. Kg1 Re1+ 53. Kh2
Re2+ 54. Kg1 Bh3 55. Qe7+ Kg8 56. Qe8+ Kg7 57. Qe5+ Kf8 58. Kh1 0-1

[Event "Zonal 3.1 2015"]
[Site "Muscat OMA"]
[Date "2015.05.20"]
[Round "4.3"]
[White "Nezad, Husein Aziz"]
[Black "Abdulwahhab, Ahmed Abdulsattar A"]
[Result "1-0"]
[WhiteTitle "IM"]
[BlackTitle "FM"]
[WhiteElo "2404"]
[BlackElo "2346"]
[WhiteFideId "12100293"]
[BlackFideId "4801849"]
[EventDate "2015.05.17"]

1. d4 d5 2. c4 c6 3. Nc3 Nf6 4. e3 Bf5 5. cxd5 Nxd5 6. Nge2 Nd7 7. e4 Nxc3 8.
Nxc3 Bg6 9. Be3 e6 10. Qb3 Qb6 11. Bc4 Qxb3 12. Bxb3 Bb4 13. f3 Ke7 14. Ke2 Rhd8
15. Rhd1 f6 16. Rac1 Rac8 17. a3 Ba5 18. Ba2 Bf7 19. g4 Bc7 20. h4 Nb6 21. h5
Rd7 22. h6 g6 23. a4 Rcd8 24. a5 Nc8 25. a6 bxa6 26. e5 Kf8 27. exf6 e5 28. Bxf7
Kxf7 29. Ne4 exd4 30. Rxc6 Re8 31. Rxd4 1-0

[Event "Zonal 3.1 2015"]
[Site "Muscat OMA"]
[Date "2015.05.20"]
[Round "4.4"]
[White "Ayyad, Maher"]
[Black "Darini, Pouria"]
[Result "0-1"]
[WhiteTitle "FM"]
[BlackTitle "GM"]
[WhiteElo "2123"]
[BlackElo "2485"]
[WhiteFideId "11200235"]
[BlackFideId "12502200"]
[EventDate "2015.05.17"]

1. d4 Nf6 2. Nf3 g6 3. c4 Bg7 4. Nc3 d5 5. Bg5 Ne4 6. cxd5 Nxg5 7. Nxg5 e6 8.
Nf3 exd5 9. e3 O-O 10. Be2 c6 11. O-O Qd6 12. h3 Nd7 13. Rb1 a5 14. a3 Re8 15.
b4 axb4 16. axb4 b5 17. Qb3 Nb6 18. Bd3 Nc4 19. Ra1 Be6 20. Rfd1 Bf8 21. Rxa8
Rxa8 22. Rb1 Be7 23. e4 dxe4 24. Nxe4 Qf4 25. Qd1 Bd5 26. Qe2 Ra3 27. Bc2 Ra2
28. Nc3 Bxf3 29. gxf3 Bd6 30. Qe8+ Kg7 31. Nxa2 Nd2 32. Qe3 0-1

[Event "Zonal 3.1 2015"]
[Site "Muscat OMA"]
[Date "2015.05.20"]
[Round "4.6"]
[White "Hashem, Khaled"]
[Black "Tamra, Attallah"]
[Result "0-1"]
[WhiteTitle "CM"]
[WhiteElo "1962"]
[BlackElo "2080"]
[WhiteFideId "10300201"]
[BlackFideId "11500255"]
[EventDate "2015.05.17"]

1. d4 Nf6 2. c4 e6 3. Nf3 Bb4+ 4. Nbd2 b6 5. a3 Bxd2+ 6. Qxd2 Bb7 7. Qg5 O-O 8.
e3 Ne4 9. Qxd8 Rxd8 10. Nd2 d6 11. f3 Nf6 12. b4 Nbd7 13. Bb2 Rac8 14. Nb3 c5
15. Bd3 cxd4 16. Nxd4 Ne5 17. Ke2 Nxc4 18. Bxc4 Rxc4 19. Rhc1 Rdc8 20. Kd2 Rxc1
21. Rxc1 Rxc1 22. Bxc1 a6 23. a4 Kf8 24. Ba3 Ke7 25. g3 g6 26. e4 Kd7 27. Kd3 e5
28. Nc2 d5 29. exd5 Bxd5 30. Ne3 Bxf3 31. Nc4 e4+ 32. Kd2 b5 33. axb5 axb5 34.
Ne5+ Ke6 35. Nxf3 exf3 36. Ke3 Ng4+ 37. Kxf3 Nxh2+ 38. Kf4 f5 39. Bb2 Ng4 40.
Kg5 Kf7 41. Bd4 h6+ 42. Kf4 Ke6 43. Bc5 g5+ 44. Kf3 Ne5+ 45. Ke3 Kd5 46. Bf8 f4+
47. gxf4 gxf4+ 48. Ke2 h5 49. Bh6 f3+ 50. Kf1 Nd3 51. Bg5 Nxb4 52. Kf2 Ke4 0-1

[Event "Zonal 3.1 2015"]
[Site "Muscat OMA"]
[Date "2015.05.20"]
[Round "4.7"]
[White "Al Mamari, Mohammed Salim"]
[Black "Masrhi, Abdulrahman A"]
[Result "0-1"]
[WhiteElo "1791"]
[BlackElo "1865"]
[WhiteFideId "22000232"]
[BlackFideId "21501564"]
[EventDate "2015.05.17"]

1. e4 c6 2. d4 d5 3. e5 c5 4. c3 Bf5 5. Be3 Nc6 6. Bb5 cxd4 7. cxd4 Bxb1 8.
Bxc6+ bxc6 9. Qxb1 e6 10. a3 Qa5+ 11. b4 Qb5 12. Qc2 a5 13. Ne2 axb4 14. O-O
Rxa3 15. Rxa3 bxa3 16. Rb1 Qa6 17. Rb8+ Kd7 18. Nc3 Ne7 19. Qb3 Kc7 20. Rb4 Nc8
21. Ra4 Qb7 22. Qd1 Nb6 23. Qf3 Nxa4 24. Qxf7+ Kb8 25. Qe8+ Qc8 26. Qxc8+ Kxc8
27. Na2 c5 28. Kf1 cxd4 29. Bxd4 Bc5 30. Bxc5 Nxc5 31. Ke2 Kc7 32. Ke3 Rb8 33.
Nc3 Rb3 34. Kd4 Ne4 35. Nxe4 dxe4 36. Kc4 Rb8 0-1

[Event "Zonal 3.1 2015"]
[Site "Muscat OMA"]
[Date "2015.05.21"]
[Round "5.1"]
[White "Idani, Pouya"]
[Black "Al Qudaimi, Basheer"]
[Result "1/2-1/2"]
[WhiteTitle "GM"]
[BlackTitle "IM"]
[WhiteElo "2526"]
[BlackElo "2405"]
[WhiteFideId "12510130"]
[BlackFideId "9400346"]
[EventDate "2015.05.17"]

1. e4 e5 2. Nf3 Nc6 3. Bb5 a6 4. Ba4 Nf6 5. O-O Be7 6. d3 b5 7. Bb3 d6 8. a3 O-O
9. Nc3 Bg4 10. Be3 Nd4 11. Bxd4 exd4 12. Nd5 c6 13. Nxf6+ Bxf6 14. h3 Be6 15.
Bxe6 fxe6 16. a4 Qb6 17. Ra2 Ra7 18. Qd2 Qc5 19. b4 Qb6 20. Rfa1 e5 21. c3 dxc3
22. Qxc3 Kh8 23. axb5 cxb5 24. Rc1 Qb8 25. Qc6 Bd8 26. Rca1 a5 27. bxa5 b4 28.
Qd5 Ra6 29. Nd2 Qa7 30. Nc4 Qc5 31. Rb1 Bc7 32. Qb7 Rfa8 33. Rxb4 Bd8 34. Rb5
Qd4 35. Rd5 Qc3 36. Qb1 R6a7 37. Ra3 Rb7 38. Qxb7 Qc1+ 1/2-1/2